| 000 | 00753nam a2200253Ia 4500 | ||
|---|---|---|---|
| 001 | dia_2296 | ||
| 003 | CHAP | ||
| 005 | 20251027153254.0 | ||
| 008 | 220117s1993 xx 000 0 und d | ||
| 010 | _a172816 | ||
| 040 | _cCHAP | ||
| 082 | _a657.3 A6 | ||
| 100 |
_aAlonso Sebastián, Ramón _94601 |
||
| 245 |
_aContabilidad Financiera: Aplicación a Empresas Agrarias y Agroalimentarias / _c por Ramón Alonso Sebastián y otros |
||
| 260 |
_aMadrid : _b Mundi-Prensa, _c1993 |
||
| 300 | _a389 p. | ||
| 400 | _aCOLECCIÓN UNIVERSIDAD-EMPRESA | ||
| 500 | _aI.168713 | ||
| 650 |
_a1.Contabilidad _9152535 |
||
| 901 | _a657.3 A6 | ||
| 902 | _aM | ||
| 905 | _a0000001993 MADX 0000000000ESP00 | ||
| 942 |
_cLIBRO _2ddc |
||
| 999 |
_c172816 _d172816 |
||